1416 1464 1171 1904 1554 1578 1447 1544 1790 1189 1223 1086 1255 1141 1800 1411 1043 1385 1941 1372 1307 1348 1630 1395 1944 1933 1754 1355 1950 1159 1368 1966 1445 1627 1640 1881 1949 1702 1120 1998 1681 1231 1950 1445 1083 1649 1174 1863 1966 1005 1488 1553 1114 1013 1352 1299 1942 1468 1117 1791 1517 1652 1054 1310 1003 1626 1201 1928 1434 1550 1953 1819 1379 1786 1198 1698 1016 1406 1864 1091 1032 1359 1896 1549 1227 1115 1948 1073 1219 1824 1436 1133 1871 1523 1257 1602 1331 1523 1247 BCNSPRNW ULIB Ver.6.0+V

เปลี่ยนเป็นภาษาไทย

Change to English
 แสดงรายละเอียดบรรณานุกรม
  กลับหน้าหลัก

Brief Record : Get Marc (ISO 2709) : E-mail record : QR code < ปิดหน้าต่าง
LEADER : 00000nam 2200000uu 4500
001    13399111704
003     ULIB
008    110706s2551||||th 000 0 tha d
020    9789742249182
050  4 BQ4570^bธ321พ 2551
100 0  ธรรมรักษา
245 10 พระไตรปิฎกและอรรถกถา ฉบับ กฎแห่งกรรม /^cธรรมรักษา
260    กรุงเทพฯ :^bธรรมานุรักษ์, ^c2551
300    206 หน้า :^bภาพประกอบ
650  7 ธรรมะกับชีวิตประจำวัน
945    ^p150^l0^i025104
995    ทศพร
999 ^a ใช้งานได้ทุกระบบ
รายการนี้ยังไม่มีแท็ก
คุณยังไม่ได้ล็อกอิน คุณสามารถมีกิจกรรมร่วมกับเว็บไซต์ได้ แต่ต้องล็อกอินก่อน ::
  ล็อกอิน

รายการสื่อสารสนเทศ

ลำดับที่ ประเภท เลขเรียก/บาร์โค้ด สถานที่ สถานะ
- ไม่พบข้อมูล -

รายการใกล้เคียง
    ผู้แต่ง [ธรรมรักษา]

    หัวเรื่อง [ธรรมะกับชีวิตประจำวัน]

BibComment


ยังไม่เคยถูกคอมเมนท์

คอมเมนท์ทรัพยากรรายการนี้
  คอมเมนท์: พระไตรปิฎกและอรรถ..


 Copyright 2026. Bcnsprnw @Library